| 000 | 00621nam a2200229Ia 4500 | ||
|---|---|---|---|
| 008 | 180523s9999 xx 000 0 und d | ||
| 020 | _a978-9-812-53312-8 | ||
| 050 | _aMAIN HF 5549 | ||
| 050 | _b.D43 2010 c.1 | ||
| 100 | _aDeCenzo, David A. | ||
| 245 | 0 | _aHuman resource management / | |
| 245 | 0 | _cDavid A. DeCenzo, Stephen P. Robbins, Susan L. Verhulst. | |
| 250 | _a10th Edition | ||
| 260 | _aAustralia : | ||
| 260 | _bJohn Wiley & Sons, | ||
| 260 | _c2010 | ||
| 300 | _a410 pages : | ||
| 300 | _billustrations ; | ||
| 300 | _c25 cm. | ||
| 500 | _aIncludes index. | ||
| 650 | _aPersonnel management. | ||
| 999 |
_c357144 _d357144 |
||